[Event "Barcelona Sant Marti op 10th"]
[Site "Barcelona"]
[Date "2023.02.16"]
[Round "6"]
[White "Clanchet Olle, Josep"]
[Black "Cabot Muntane, Jordi"]
[Result "1-0"]
[WhiteElo "1690"]
[BlackElo "1822"]
[PlyCount "101"]
[EventDate "2023.01.12"]
[EventType "swiss"]
[EventRounds "9"]
[EventCountry "ESP"]
[SourceTitle "CBM 213 Extra"]
[Source "ChessBase"]
[SourceDate "2023.05.31"]
[SourceVersion "1"]
[SourceVersionDate "2023.05.31"]
[SourceQuality "1"]

1. d4 Nf6 2. c4 b6 3. Bf4 Bb7 4. Nf3 e6 5. e3 Bb4+ 6. Nc3 Ne4 7. Rc1 0-0 8. Be2 g5 9. Bg3 f5 10. 0-0 Bxc3 11. bxc3 d6 12. Bd3 Nd7 13. Bxe4 fxe4 14. Nd2 Nf6 15. Qb3 Nh5 16. d5 Nxg3 17. fxg3 Qe7 18. Rcd1 exd5 19. cxd5 Qe5 20. c4 a5 21. Qc2 Rae8 22. Rxf8+ Kxf8 23. Rf1+ Kg7 24. Qd1 Qc3 25. Qe1 Ba6 26. Qf2 Qe5 27. Qf7+ Kh8 28. Qxc7 Qe7 29. Qxb6 Bc8 30. Qxa5 Rf8 31. Rxf8+ Qxf8 32. Nxe4 Qe7 33. Qc3+ Kg8 34. Nf6+ Kg7 35. Ng4+ Kg6 36. Nf2 Qb7 37. Qc2+ Kg7 38. h4 h6 39. Qc3+ Kg6 40. h5+ Kxh5 41. Qf6 g4 42. Qh4+ Kg6 43. Nxg4 Qg7 44. Nf2 Qa1+ 45. Kh2 Qxa2 46. Qe4+ Bf5 47. Qe8+ Kg5 48. Qe7+ Kh5 49. g4+ Bxg4 50. Qf7+ Kg5 51. Qg7+ 1-0

[Event "Barcelona Segura Memorial 2nd"]
[Site "Barcelona"]
[Date "2022.10.05"]
[Round "2"]
[White "Cabot Muntane, Jordi"]
[Black "Martin Garcia, Carlos"]
[Result "1/2-1/2"]
[WhiteElo "1830"]
[BlackElo "2043"]
[PlyCount "48"]
[EventDate "2022.09.28"]
[EventType "swiss"]
[EventRounds "9"]
[EventCountry "ESP"]
[SourceTitle "EXT 2024"]
[Source "ChessBase"]
[SourceDate "2023.10.10"]
[SourceVersion "1"]
[SourceVersionDate "2023.10.10"]
[SourceQuality "1"]

1. d4 d5 2. Nf3 Nf6 3. Bf4 c5 4. c3 Nc6 5. e3 cxd4 6. exd4 Bf5 7. Bd3 Bxd3 8. Qxd3 e6 9. Nbd2 Bd6 10. Bxd6 Qxd6 11. 0-0 0-0 12. Rae1 Qc7 13. h3 a6 14. Ne5 Nxe5 15. Rxe5 Rac8 16. f4 b5 17. a3 a5 18. f5 b4 19. axb4 axb4 20. fxe6 fxe6 21. Rxe6 bxc3 22. bxc3 Qxc3 23. Qxc3 Rxc3 24. Nf3 Rfc8 1/2-1/2

[Event "Barcelona Tres Peons op 22nd"]
[Site "Barcelona"]
[Date "2020.02.26"]
[Round "8"]
[White "Caballe Sasot, Roger"]
[Black "Cabot Muntane, Jordi"]
[Result "0-1"]
[WhiteElo "1801"]
[BlackElo "1814"]
[PlyCount "68"]
[EventDate "2020.01.08"]
[EventType "swiss"]
[EventRounds "9"]
[EventCountry "ESP"]
[SourceTitle "CBM 195 Extra"]
[Source "ChessBase"]
[SourceDate "2020.05.31"]
[SourceVersion "1"]
[SourceVersionDate "2020.05.31"]
[SourceQuality "1"]

1. c4 e6 2. e4 d5 3. e5 d4 4. d3 c5 5. f4 Nc6 6. Nf3 Bd7 7. g3 h5 8. Bg2 Be7 9. h3 Nh6 10. Kf2 Qb6 11. Nbd2 f5 12. a3 a5 13. b3 Nf7 14. Rb1 g5 15. Nxg5 Nxg5 16. fxg5 Nxe5 17. Nf3 Ng6 18. h4 Bd6 19. Re1 Qc7 20. Rh1 Bxg3+ 21. Kf1 e5 22. Qe2 Bc6 23. Bd2 0-0-0 24. Bh3 Rdf8 25. Rg1 Bf4 26. Bxf4 Nxf4 27. Qxe5 Nxh3 28. g6 Rhg8 29. g7 Rf7 30. Qe6+ Qd7 31. Qxd7+ Bxd7 32. Rh1 Nf4 33. Ne5 Rfxg7 34. Nxd7 Kxd7 0-1

[Event "Barcelona Sant Marti op 9th"]
[Site "Barcelona"]
[Date "2020.02.20"]
[Round "6"]
[White "Cabot Muntane, Jordi"]
[Black "Agut Alvarez, Josep Lluis"]
[Result "1-0"]
[WhiteElo "1814"]
[BlackElo "1707"]
[PlyCount "90"]
[EventDate "2020.01.16"]
[EventType "swiss"]
[EventRounds "9"]
[EventCountry "ESP"]
[SourceTitle "CBM 195 Extra"]
[Source "ChessBase"]
[SourceDate "2020.05.31"]
[SourceVersion "1"]
[SourceVersionDate "2020.05.31"]
[SourceQuality "1"]

1. d4 g6 2. Nf3 Bg7 3. Bf4 d6 4. e3 c5 5. c3 Qb6 6. Qb3 Nf6 7. Be2 0-0 8. h3 Be6 9. Qxb6 axb6 10. Nbd2 Nbd7 11. a3 d5 12. 0-0 Bf5 13. Rac1 c4 14. g4 Be4 15. g5 Nh5 16. Nxe4 dxe4 17. Nd2 Nxf4 18. exf4 b5 19. Nxe4 f5 20. Nd2 Nb6 21. Bf3 Rab8 22. Rfe1 Kf7 23. Kg2 e6 24. Kg3 Rfd8 25. Nf1 Bf8 26. Ne3 Bd6 27. Nc2 Re8 28. h4 Re7 29. Ne3 Rbe8 30. h5 h6 31. hxg6+ Kxg6 32. gxh6 Rg8 33. Be2 Nd5 34. Nxd5 exd5 35. Bf1 Kxh6+ 36. Kf3 Re4 37. Re3 Rg4 38. Ke2 Rgxf4 39. Bg2 Rxe3+ 40. fxe3 Rh4 41. Rh1 Kg5 42. Rxh4 Kxh4 43. Bxd5 b6 44. Kf3 Kg5 45. Bc6 Kf6 1-0

[Event "Barcelona Tres Peons op 22nd"]
[Site "Barcelona"]
[Date "2020.02.19"]
[Round "7"]
[White "Cabot Muntane, Jordi"]
[Black "Garcia Fernandez, Didac"]
[Result "1-0"]
[WhiteElo "1814"]
[BlackElo "1548"]
[PlyCount "57"]
[EventDate "2020.01.08"]
[EventType "swiss"]
[EventRounds "9"]
[EventCountry "ESP"]
[SourceTitle "CBM 195 Extra"]
[Source "ChessBase"]
[SourceDate "2020.05.31"]
[SourceVersion "1"]
[SourceVersionDate "2020.05.31"]
[SourceQuality "1"]

1. d4 Nf6 2. Nf3 d6 3. Bf4 g6 4. h3 Bg7 5. e3 0-0 6. Be2 Nbd7 7. 0-0 Re8 8. Bh2 e5 9. dxe5 dxe5 10. Nxe5 Ne4 11. Nd3 Ndc5 12. c3 Nxd3 13. Bxd3 Qg5 14. Bf4 Qh4 15. Nd2 Nc5 16. Bc2 c6 17. Nf3 Qe7 18. Bd6 Qf6 19. Bxc5 Be6 20. Bd4 Qe7 21. Bxg7 Kxg7 22. Bb3 Rad8 23. Qe2 Bc8 24. Rad1 Rxd1 25. Rxd1 h5 26. Qd2 c5 27. Qd6 Qe4 28. Qxc5 Kh7 29. Qd5 1-0

[Event "Barcelona Sants op 21st"]
[Site "Barcelona"]
[Date "2019.08.28"]
[Round "6"]
[White "Morais Carreras, Javier"]
[Black "Cabot Muntane, Jordi"]
[Result "1-0"]
[WhiteElo "1939"]
[BlackElo "1875"]
[PlyCount "135"]
[EventDate "2019.08.23"]
[EventType "swiss"]
[EventRounds "10"]
[EventCountry "ESP"]
[SourceTitle "EXT 2020"]
[Source "ChessBase"]
[SourceDate "2019.10.17"]
[SourceVersion "1"]
[SourceVersionDate "2019.10.17"]
[SourceQuality "1"]

1. e4 c6 2. Nc3 d5 3. Nf3 dxe4 4. Nxe4 Nd7 5. d4 Ngf6 6. Qe2 Nxe4 7. Qxe4 Nf6 8. Qe3 e6 9. Bd2 Bd6 10. h3 0-0 11. Bc4 b6 12. Bb3 Qc7 13. c4 c5 14. 0-0 Bb7 15. dxc5 Bxc5 16. Qe2 Nh5 17. Qe5 Qxe5 18. Nxe5 Rad8 19. Rad1 Ng3 20. Rfe1 Ne4 21. Be3 Bxe3 22. Rxe3 Nc5 23. Bc2 Rxd1+ 24. Bxd1 Rd8 25. Bf3 Bxf3 26. Rxf3 Rd1+ 27. Kh2 f6 28. Nc6 a5 29. a3 e5 30. b4 axb4 31. axb4 Nd3 32. Ne7+ Kf7 33. Nd5 e4 34. Re3 Nxf2 35. Re2 Nd3 36. Rxe4 Rb1 37. Re7+ Kg6 38. b5 Rc1 39. Rc7 Rc2 40. Kg3 f5 41. Nxb6 Ne1 42. Rc6+ Kg5 43. h4+ Kh5 44. Nd5 Rxg2+ 45. Kf4 Rf2+ 46. Ke3 Rb2 47. b6 Kg4 48. c5 Ng2+ 49. Kd3 f4 50. Rc7 g6 51. Kc3 Rb5 52. Kc4 Rb2 53. Rf7 f3 54. c6 Nxh4 55. c7 Nf5 56. Kc3 Rb1 57. Ne3+ Kf4 58. c8Q Rc1+ 59. Nc2 f2 60. Qc7+ Kf3 61. Qc6+ Kg3 62. Rxf5 gxf5 63. Qd6+ Kg2 64. Qd2 Rb1 65. Nb4 Kg1 66. Qg5+ Kh1 67. Qh4+ Kg1 68. Qg3+ 1-0

[Event "Badalona Castella op-B 45th"]
[Site "Badalona"]
[Date "2019.08.03"]
[Round "2.9"]
[White "Cabot Muntane, Jordi"]
[Black "Castro Estrella, Joan Gabriel"]
[Result "0-1"]
[WhiteElo "1875"]
[BlackElo "1675"]
[PlyCount "75"]
[EventDate "2019.08.02"]
[EventType "swiss"]
[EventRounds "9"]
[EventCountry "ESP"]
[SourceTitle "EXT 2024"]
[Source "ChessBase"]
[SourceDate "2023.10.10"]
[SourceVersion "1"]
[SourceVersionDate "2023.10.10"]
[SourceQuality "1"]

1. d4 Nf6 2. Nf3 g6 3. Bf4 Bg7 4. h3 0-0 5. e3 d6 6. Be2 Nbd7 7. 0-0 Qe8 8. Bh2 e5 9. a4 Qe7 10. a5 a6 11. Na3 Ne8 12. Re1 f5 13. c3 Kh8 14. Qc2 e4 15. Nd2 h5 16. b4 h4 17. Qb3 Ndf6 18. Rac1 g5 19. c4 g4 20. Qb1 Bh6 21. Kh1 Rg8 22. Bf4 Bxf4 23. exf4 e3 24. Bd3 Qg7 25. Rxe3 gxh3 26. g3 Ng4 27. Re2 Nxf2+ 28. Rxf2 hxg3 29. Rf3 Nf6 30. Rg1 g2+ 31. Kh2 Ng4+ 32. Kg3 Ne5+ 33. Kf2 Nxf3 34. Nxf3 Qg3+ 35. Ke2 Re8+ 36. Ne5 dxe5 37. dxe5 Qxf4 38. c5 0-1

[Event "Barcelona Sant Marti op-B 21st"]
[Site "Barcelona"]
[Date "2019.07.20"]
[Round "8"]
[White "Cabot Muntane, Jordi"]
[Black "Prokofiev, Valentyn"]
[Result "0-1"]
[WhiteElo "1875"]
[BlackElo "1917"]
[PlyCount "92"]
[EventDate "2019.07.13"]
[EventType "swiss"]
[EventRounds "9"]
[EventCountry "ESP"]
[SourceTitle "EXT 2020"]
[Source "ChessBase"]
[SourceDate "2019.10.17"]
[SourceVersion "1"]
[SourceVersionDate "2019.10.17"]
[SourceQuality "1"]

1. d4 Nf6 2. Nf3 g6 3. Bf4 Bg7 4. h3 0-0 5. e3 d6 6. Nbd2 Nfd7 7. Be2 e5 8. Bh2 f5 9. 0-0 e4 10. Ne1 Nc6 11. c3 Qe7 12. Nc2 b6 13. f3 Bb7 14. fxe4 fxe4 15. Bc4+ Kh8 16. Qg4 Nf6 17. Qh4 Bc8 18. b4 a6 19. a4 Be6 20. Bxe6 Qxe6 21. c4 Rae8 22. Rad1 Ne7 23. b5 Nf5 24. Qe1 axb5 25. axb5 h5 26. Ra1 h4 27. Ra7 Re7 28. Bf4 Nh5 29. Bg5 Bf6 30. Bxf6+ Qxf6 31. Nb4 Qg7 32. Nd5 Ref7 33. Nxe4 Nhg3 34. Nxg3 Nxg3 35. Rxf7 Qxf7 36. Ra1 Qf5 37. Nxc7 Kh7 38. Nd5 Qc2 39. Rc1 Qxc1 40. Qxc1 Ne2+ 41. Kh2 Nxc1 42. Nxb6 Ne2 43. Nd5 Ng3 44. Nf4 g5 45. c5 gxf4 46. e4 Ra8 0-1

[Event "Barcelona Sant Marti op-B 21st"]
[Site "Barcelona"]
[Date "2019.07.17"]
[Round "5"]
[White "Salazar Navas, Josep"]
[Black "Cabot Muntane, Jordi"]
[Result "0-1"]
[WhiteElo "1624"]
[BlackElo "1875"]
[PlyCount "90"]
[EventDate "2019.07.13"]
[EventType "swiss"]
[EventRounds "9"]
[EventCountry "ESP"]
[SourceTitle "EXT 2020"]
[Source "ChessBase"]
[SourceDate "2019.10.17"]
[SourceVersion "1"]
[SourceVersionDate "2019.10.17"]
[SourceQuality "1"]

1. e4 c6 2. d4 d5 3. exd5 cxd5 4. c4 Nf6 5. Nc3 e6 6. c5 Be7 7. Nf3 0-0 8. Bf4 b6 9. b4 Ne4 10. Qc2 Nc6 11. Rb1 bxc5 12. Nxe4 dxe4 13. Qxe4 Nxd4 14. Nxd4 Qxd4 15. Qxa8 Qxf4 16. Be2 Qc7 17. Qe4 cxb4 18. 0-0 Bb7 19. Qg4 Bd5 20. Rfc1 Qb7 21. Bc4 Rd8 22. Bxd5 Rxd5 23. g3 Rd2 24. Qf4 Rd7 25. Qc4 g6 26. Qc8+ Kg7 27. Qxb7 Rxb7 28. Rc8 a5 29. Ra8 Rb5 30. h4 Rd5 31. Rc1 Bc5 32. Kg2 Bb6 33. Rc6 Bd8 34. g4 Bxh4 35. Rcc8 h5 36. Kh3 Bxf2 37. gxh5 Rxh5+ 38. Kg2 Rf5 39. Rc7 Bd4 40. Ra6 Rf2+ 41. Kh3 Rxa2 42. Rxe6 a4 43. Ree7 Rf2 44. Kg3 a3 45. Ra7 Bxa7 0-1

[Event "Barcelona Sant Marti op 8th"]
[Site "Barcelona"]
[Date "2019.03.07"]
[Round "8"]
[White "Cabot Muntane, Jordi"]
[Black "Subirana Santos, Marc"]
[Result "1-0"]
[WhiteElo "1861"]
[BlackElo "1640"]
[PlyCount "97"]
[EventDate "2019.01.17"]
[EventType "swiss"]
[EventRounds "9"]
[EventCountry "ESP"]
[SourceTitle "CBM 189 Extra"]
[Source "ChessBase"]
[SourceDate "2019.06.03"]
[SourceVersion "1"]
[SourceVersionDate "2019.06.03"]
[SourceQuality "1"]

1. d4 Nf6 2. Nf3 g6 3. Bf4 Bg7 4. h3 d6 5. e3 0-0 6. Be2 b6 7. 0-0 Nbd7 8. a4 a5 9. Nbd2 Bb7 10. c3 Ne4 11. Nxe4 Bxe4 12. Nd2 Bb7 13. Bf3 Bxf3 14. Nxf3 Nf6 15. Qc2 Qc8 16. e4 Qb7 17. Rfe1 e6 18. Rad1 Nd7 19. Bg3 Rfe8 20. Qb3 Rab8 21. Qb5 c6 22. Qd3 e5 23. b3 Rbd8 24. dxe5 dxe5 25. Qc2 Rc8 26. Re2 Nc5 27. b4 axb4 28. cxb4 Ne6 29. Nxe5 c5 30. Rd7 Qa8 31. Nxf7 Nd4 32. Qa2 Nxe2+ 33. Kh2 h5 34. Nh6+ Kh7 35. Qf7 Rg8 36. Nxg8 Rxg8 37. Be5 Qf8 38. Qxf8 Rxf8 39. Rxg7+ Kh6 40. Rb7 Rxf2 41. h4 Rf1 42. Rxb6 c4 43. Rc6 Rc1 44. b5 Rc2 45. b6 c3 46. b7 Rb2 47. b8Q Rxb8 48. Bxb8 Nd4 49. Rxc3 1-0

[Event "Barcelona Tres Peons-A 21th"]
[Site "Barcelona"]
[Date "2019.01.23"]
[Round "3.9"]
[White "Cabot Muntane, Jordi"]
[Black "Comellas Blanchart, Jordi"]
[Result "0-1"]
[WhiteElo "1861"]
[BlackElo "2129"]
[PlyCount "80"]
[EventDate "2019.01.09"]
[EventType "swiss"]
[EventRounds "9"]
[EventCountry "ESP"]
[SourceTitle "EXT 2024"]
[Source "ChessBase"]
[SourceDate "2023.10.10"]
[SourceVersion "1"]
[SourceVersionDate "2023.10.10"]
[SourceQuality "1"]

1. d4 d5 2. Nf3 Nf6 3. Bf4 e6 4. e3 Bd6 5. Be2 0-0 6. 0-0 c5 7. dxc5 Bxc5 8. Nbd2 Nc6 9. c4 Qe7 10. Nb3 Bb6 11. Bg5 dxc4 12. Bxc4 Rd8 13. Qe2 h6 14. Bh4 e5 15. h3 Bf5 16. Rfd1 Rxd1+ 17. Rxd1 Rd8 18. Bb5 Rd6 19. Bg3 Ne4 20. Bh2 f6 21. Rc1 Ng5 22. Nfd2 Qd8 23. Kh1 Bd3 24. Bxd3 Rxd3 25. e4 Kh8 26. Bg1 Ne6 27. Nc4 Nf4 28. Qe1 Bc7 29. f3 b6 30. Ne3 Qd7 31. Kh2 Rd6 32. Qf1 Nd4 33. Nxd4 exd4 34. Nf5 Nd3 35. Rxc7 Qxc7 36. Nxd6 Qxd6+ 37. Kh1 Nxb2 38. Qb1 d3 39. Qxb2 d2 40. Qc2 d1Q 0-1

[Event "Barcelona Sant Marti op-A 20th"]
[Site "Barcelona"]
[Date "2018.07.17"]
[Round "5"]
[White "Kumar, Gaurav"]
[Black "Cabot Muntane, Jordi"]
[Result "1-0"]
[WhiteElo "2074"]
[BlackElo "1933"]
[PlyCount "59"]
[EventDate "2018.07.13"]
[EventType "swiss"]
[EventRounds "9"]
[EventCountry "ESP"]
[SourceTitle "CBM 185 Extra"]
[Source "ChessBase"]
[SourceDate "2018.07.29"]
[SourceVersion "1"]
[SourceVersionDate "2018.07.29"]
[SourceQuality "1"]

1. e4 c6 2. d4 d5 3. Nd2 dxe4 4. Nxe4 Nd7 5. Ng5 Ngf6 6. Bd3 g6 7. h4 Bg7 8. h5 gxh5 9. Qe2 Nf8 10. c3 Ng6 11. Bd2 Qc7 12. Bc4 e6 13. 0-0-0 h6 14. Ne4 Nd5 15. Qxh5 Qe7 16. Nf3 Bd7 17. Ne5 Nxe5 18. dxe5 0-0-0 19. Nd6+ Kb8 20. Qxf7 Rdf8 21. Qxe7 Nxe7 22. f4 Nd5 23. g3 h5 24. Rh4 Ne7 25. Rdh1 Nf5 26. Nxf5 exf5 27. Rxh5 Rxh5 28. Rxh5 Rh8 29. Rxh8+ Bxh8 30. Bf7 1-0

[Event "Barcelona Tres Peons-A 47th"]
[Site "Barcelona"]
[Date "2018.06.15"]
[Round "8"]
[White "De Azua Arpi, Rafael"]
[Black "Cabot Muntane, Jordi"]
[Result "0-1"]
[WhiteElo "1919"]
[BlackElo "1918"]
[PlyCount "112"]
[EventDate "2018.04.27"]
[EventType "tourn"]
[EventRounds "9"]
[EventCountry "ESP"]
[SourceTitle "EXT 2024"]
[Source "ChessBase"]
[SourceDate "2023.10.10"]
[SourceVersion "1"]
[SourceVersionDate "2023.10.10"]
[SourceQuality "1"]

1. d4 f5 2. e4 fxe4 3. Nc3 Nf6 4. Bg5 g6 5. f3 exf3 6. Nxf3 Bg7 7. Qd2 d5 8. Bd3 Nc6 9. a3 0-0 10. 0-0-0 Bg4 11. Ne2 Bxf3 12. gxf3 Nh5 13. f4 Nxd4 14. Nxd4 Bxd4 15. Be2 Bg7 16. Bxh5 gxh5 17. Qe2 Rf7 18. Qxh5 Qd6 19. Rd3 h6 20. Bh4 Qxf4+ 21. Kb1 c6 22. Rg1 e5 23. Rdg3 Raf8 24. Rg4 Qe3 25. Bf6 Rxf6 26. Rxg7+ Kh8 27. R7g6 Qf4 28. R6g4 Qf5 29. Rg5 Qf3 30. Qh4 e4 31. R5g3 Qf4 32. Rg4 Qf2 33. Qh5 e3 34. Qe5 e2 35. Qe7 R6f7 36. Qe6 Qxh2 37. Ka2 d4 38. R4g2 Qh5 39. b3 Kh7 40. Rxe2 Qf5 41. Qc4 c5 42. Reg2 a6 43. Qe2 b5 44. Qd2 Qe4 45. Rh1 Qe3 46. Qa5 Rf2 47. Rxf2 Qxf2 48. Kb2 d3 49. Qxa6 Qxc2+ 50. Ka1 Qc3+ 51. Kb1 Qxb3+ 52. Ka1 Qc3+ 53. Kb1 Qf6 54. Qxb5 Qd6 55. Qb7+ Kh8 56. Rd1 Rb8 0-1

[Event "Barcelona Gotic op 2nd"]
[Site "Barcelona"]
[Date "2018.06.12"]
[Round "7"]
[White "Cabot Muntane, Jordi"]
[Black "Daguro Dasalla, Armando"]
[Result "1/2-1/2"]
[WhiteElo "1918"]
[BlackElo "1944"]
[PlyCount "55"]
[EventDate "2018.04.24"]
[EventType "swiss"]
[EventRounds "8"]
[EventCountry "ESP"]
[SourceTitle "EXT 2019"]
[Source "ChessBase"]
[SourceDate "2018.10.10"]
[SourceVersion "1"]
[SourceVersionDate "2018.10.10"]
[SourceQuality "1"]

1. d4 d5 2. Nf3 Nf6 3. Bf4 e6 4. e3 Bd6 5. Bd3 Bxf4 6. exf4 c5 7. dxc5 Qa5+ 8. Nbd2 Qxc5 9. 0-0 0-0 10. c4 dxc4 11. Nxc4 Nc6 12. Rc1 Qh5 13. Nce5 Nxe5 14. Nxe5 Qh6 15. g3 Nd5 16. Be4 g6 17. Bxd5 exd5 18. Qxd5 Be6 19. Qxb7 Rab8 20. Qxa7 Rxb2 21. Qd4 Rxa2 22. Nd7 Bxd7 23. Qxd7 Qh5 24. Rc8 Qe2 25. Rxf8+ Kxf8 26. Qd8+ Kg7 27. Qd4+ Kg8 28. Qd8+ 1/2-1/2

[Event "Barcelona Tres Peons-A 47th"]
[Site "Barcelona"]
[Date "2018.04.27"]
[Round "1"]
[White "Cabot Muntane, Jordi"]
[Black "Gallego Montes, Antonio"]
[Result "0-1"]
[WhiteElo "1918"]
[BlackElo "1815"]
[PlyCount "82"]
[EventDate "2018.04.27"]
[EventType "tourn"]
[EventRounds "9"]
[EventCountry "ESP"]
[SourceTitle "EXT 2024"]
[Source "ChessBase"]
[SourceDate "2023.10.10"]
[SourceVersion "1"]
[SourceVersionDate "2023.10.10"]
[SourceQuality "1"]

1. d4 e5 2. dxe5 Nc6 3. Nf3 Nge7 4. Bg5 h6 5. Bh4 g5 6. Bg3 Bg7 7. e4 Ng6 8. Nc3 Ncxe5 9. Nxe5 Nxe5 10. Be2 d6 11. 0-0 Be6 12. Rb1 Qd7 13. a3 0-0-0 14. Nb5 h5 15. Nd4 Ba2 16. Ra1 Bc4 17. f3 h4 18. Bf2 d5 19. c3 dxe4 20. fxe4 h3 21. g3 Kb8 22. Be3 c5 23. Nf5 Qc6 24. Qc2 Bd3 25. Bxd3 Rxd3 26. Bxg5 Qxe4 27. Bf4 Rxg3+ 28. Bxg3 Qxc2 29. Rf2 Qe4 30. Nxg7 Rg8 31. Nh5 Kc8 32. Nf6 Rxg3+ 33. hxg3 Nf3+ 34. Kh1 Qc6 35. Ng4 Ne5+ 36. Kg1 Nxg4 37. Re2 h2+ 38. Rxh2 Nxh2 39. Kxh2 Qh6+ 40. Kg1 Qe3+ 41. Kg2 Qe2+ 0-1